The archaeology of the land of Israel : from the prehistoric beginnings to the end of the First Temple period /
Main Author:
Other Authors: ,
Format: Book
Language:
English
Hebrew
Published:
Philadelphia :
Westminster Press,
c1982.
Subjects:
Tags: Add Tag
Call Number: DS111 .A3913 1982
| LEADER | 01144namaa2200301 4500 | ||
|---|---|---|---|
| 001 | 18599 | ||
| 003 | OSt | ||
| 005 | 20260505112655.0 | ||
| 008 | 130303s1982 paua b 001 0 eng d | ||
| 020 | |a 0664244300 | ||
| 040 | |c ARCE Library | ||
| 041 | 1 | |a eng |h heb | |
| 043 | |a awba--- |a awgz--- |a a-is--- | ||
| 050 | 4 | |a DS111 .A3913 1982 | |
| 100 | 1 | |a Aharoni, Yohanan, |d 1919-1976, |e author | |
| 240 | 1 | 0 | |a Arkheʾologyah shel Erets Yiśraʾel. |l English |
| 245 | 1 | 4 | |a The archaeology of the land of Israel : |b from the prehistoric beginnings to the end of the First Temple period / |c by Yohanan Aharoni ; edited by Miriam Aharoni ; translated by Anson F. Rainey. |
| 264 | 1 | |a Philadelphia : |b Westminster Press, |c c1982. | |
| 300 | |a xvii, 344 pages : |b illustrations ; |c 23 cm. | ||
| 500 | |a Translation of : Arkheʾologyah shel Erets Yiśraʾel. | ||
| 504 | |a Includes bibliographical references (pages 297-300) and index. | ||
| 650 | 0 | |a Excavations (Archaeology) |z Palestine. | |
| 651 | 0 | |a Palestine |x Antiquities. | |
| 700 | 1 | |a Aharoni, Miriam. | |
| 700 | 1 | |a Rainey, Anson F., |d 1930-2011. | |
| 901 | |a reviewed | ||
| 942 | |c BK |2 lcc | ||
| 999 | |c 19047 |d 19047 | ||
